000 00761nam a2200229 a 4500
001 56099
003 BD-RjUL
005 20211209080343.0
008 161126s1962 ii ||||| |||| 00| 0 ben d
020 _c: Irs 8.00
035 _a(BD-RjUL) 56223
040 _aBD-RjUL
_bben
_cBD-RjUL
041 _aben
082 _223
_a891.21
_bDED 1962
100 _aদেবাচার্য
_9167002
245 1 0 _aধর্মদত্তা /
_cদেবাচার্য
260 _aকলিকাতা :
_bচলন্তিকা প্রকাশন,
_c১৯৬২
300 _a৪১৮ পৃ. ;
_c২১ সেমি .
650 _aসাংস্কৃত কবিতা
_9166893
650 _aSanskrite Poetry
_9166894
942 _2ddc
_cBK
999 _c56099
_d56099